Rubrikátor medzinárodného systému vedeckých a technických informácií register

Gespeichert in:
Bibliographische Detailangaben
Format: Buch
Sprache:Slowakisch
Veröffentlicht: Bratislava Slovenská technická knižnica 1987
Ausgabe:2. vyd.
Tags: Tag hinzufügen
Keine Tags, Fügen Sie das erste Tag hinzu!

MARC

LEADER 00000nam a2200000 4500
001 c023936
005 20221219095617.7
041 0 |a slo 
044 |a SK 
245 1 0 |a Rubrikátor medzinárodného systému vedeckých a technických informácií  |b register 
250 |a 2. vyd. 
264 1 |a Bratislava  |b Slovenská technická knižnica  |c 1987 
300 |a 187 s.